000 01435nam a2200265Ia 4500
999 _c52898
_d52898
001 19928
003 GE_BSU
005 20200513215442.0
008 181216s1989||||ge |||||||||||||| ||geo||
040 _cGE_BSU
041 _ageo
080 _a811.353.1'367 ძ-63
100 _aძიძიგური, შოთა
_98047
245 _aრთული წინადადების პრობლემა ქართულ ენაში :
_bკავშირებისა და საკავშირებელი სიტყვების საფუძველზე /
_cშოთა ძიძიგური.
264 _aთბილისი :
_bმეცნიერება,
_c1989.
300 _a424 გვ. ;
_c22 სმ.
504 _aბიბლიოგრაფია გვ. 488-490
520 _aრეზ. რუს. პარალ. სათ. რუს ენ.
541 _h10ლ.20თ.
653 _aკავშირებისა და საკავშირებელი სიტყვების საფუძველზე
653 _aრთული წინადადების პრობლემა ქართულ ენაში
710 _aსაქ. სსრ მეცნ. აკადემია
_98048
710 _aენისა და ლიტერატურის განყოფილება
_98049
942 _cBK
_2udc